Tracao animal no controle de plantas daninhas na cultura do milho [Zea mays] (Registro n. 334716)
[ somente texto ]
| 000 -LÍDER | |
|---|---|
| campo de controle de tamanho fixo | 01218naa a22003137a 4500 |
| 001 - NÚMERO DE CONTROLE | |
| campo de controle | BR8400482 |
| 003 - IDENTIFICADOR DO NÚMERO DE CONTROLE | |
| campo de controle | BR-BrBNA |
| 005 - DATA E HORÁRIO DA ÚLTIMA TRANSAÇÃO | |
| campo de controle | 20250721154430.0 |
| 007 - CAMPO FIXO DE DESCRIÇÃO FÍSICA--INFORMAÇÃO GERAL | |
| campo de controle de tamanho fixo | ta |
| 008 - CAMPO DE DADOS FIXOS--INFORMAÇÃO GERAL | |
| campo de controle de tamanho fixo | 250630b bl.|||m| |||| 00| 0 por d |
| 040 ## - FONTE DA CATALOGAÇÃO | |
| Instituição da catalogação original | BR-BrBNA |
| Idioma da catalogação | por |
| Instituição que transcreveu o registro | Biblioteca Nacional de Agricultura |
| 041 ## - CÓDIGO DE IDIOMA | |
| Código do idioma do texto/trilha sonora ou título diferente | (Pt) |
| 072 ## - CÓDIGO DE CATEGORIA DE ASSUNTO | |
| Código de Categoria de Assunto | H60 |
| Código do objeto | 0120 |
| 090 ## - NÚMERO DE CHAMADA LOCAL | |
| Número de chamada | H60 BR8400482 |
| 100 1# - ENTRADA PRINCIPAL--NOME PESSOAL | |
| Nome pessoal | Cruz, J.C. |
| 100 1# - ENTRADA PRINCIPAL--NOME PESSOAL | |
| Nome pessoal | Ramalho, M.A.P. |
| 245 1# - TÍTULO | |
| Título | Tracao animal no controle de plantas daninhas na cultura do milho [Zea mays] |
| 246 1# - FORMA VARIANTE DO TÍTULO | |
| Título/título abreviado | [Animal traction for weed control in maize crop [Zea mays]] |
| 246 1# - FORMA VARIANTE DO TÍTULO | |
| Título/título abreviado | [Mechanization in maize crop using animal traction] |
| 490 ## - TÍTULO DA SÉRIE | |
| Título da série | Circular Tecnica - Centro Nacional de Pesquisa de Milho e Sorgo (Brazil) |
| Número do volume ou designação sequencial da série | no. 9 |
| ISSN - International Standard Serial Number | ISSN 0100-8013 |
| 500 ## - NOTA GERAL | |
| Nota geral | Mecanizacao na cultura do milho utilizando a tracao animal<br/>Sete Lagoas, MG (Brasil): 1983. p. 25-42 [10 illus.; 8 ref.]<br/>(BR8400482-AMS)<br/> |
| 650 ## - ASSUNTO--TERMO TÓPICO | |
| Cabeçalho tópico ou nome geográfico | MILHO |
| 650 ## - ASSUNTO--TERMO TÓPICO | |
| Cabeçalho tópico ou nome geográfico | ERVA DANINHA |
| 650 ## - ASSUNTO--TERMO TÓPICO | |
| Cabeçalho tópico ou nome geográfico | TRACAO ANIMAL |
| 650 ## - ASSUNTO--TERMO TÓPICO | |
| Cabeçalho tópico ou nome geográfico | CONTROLE MECANICO |
| 773 0# - ENTRADA ANALÍTICA | |
| Título | Mecanizacao na cultura do milho utilizando a tracao animal |
| Número de controle do registro | H60 BR8400482 |
| Partes relacionadas | Sete Lagoas, MG (Brasil), 1983. p. 25-42 |
| 942 ## - ELEMENTOS DE ENTRADA ADICIONADOS (KOHA) | |
| Tipo de material Koha | Analítica de Monografia Seriada |
| Fonte da classificação ou esquema de arquivamento na estante | Classificação AGRIS |
| 909 ## - | |
| -- | 202506 |
| -- | Lúcia |
| -- | 55 |
| -- | Lúcia Elande |
| Situação do descarte | Fonte da classificação ou esquema de arquivamento na estante | Situação física | Não pode ser emprestado | Coleção | Biblioteca de origem | Biblioteca atual | Total de empréstimos | Data de último acesso | Número do exemplar | Tipo de material Koha | Situação das perdas | Data de aquisição | Fonte de aquisição |
|---|---|---|---|---|---|---|---|---|---|---|---|---|---|
| Classificação AGRIS | Biblioteca Nacional de Agricultura - Binagri | Biblioteca Nacional de Agricultura - Binagri | 30/06/2025 | 01 | Analítica de Monografia Seriada | 2025-06-30 | Portaria Interministerial nº 164/94 |

BINAGRI